<?xml version="1.0" encoding="UTF-8"?>
<collection xmlns="http://www.loc.gov/MARC21/slim">
 <record>
  <leader>     na                 </leader>
  <controlfield tag="001">INLIS000000000010043</controlfield>
  <controlfield tag="005">20220208115230</controlfield>
  <datafield tag="035" ind1=" " ind2=" ">
   <subfield code="a">0010-0721005302</subfield>
  </datafield>
  <controlfield tag="008">220208                g          0 ind  </controlfield>
  <datafield tag="100" ind1="1" ind2=" ">
   <subfield code="a">Muhammad, M. Al-Kili</subfield>
  </datafield>
  <datafield tag="245" ind1="1" ind2=" ">
   <subfield code="a">Ensiklopedia Arti Mimpi /</subfield>
   <subfield code="c">Nasrulloh, M.S.</subfield>
  </datafield>
  <datafield tag="300" ind1=" " ind2=" ">
   <subfield code="a">676 hlm. ;</subfield>
   <subfield code="c">25 cm.</subfield>
  </datafield>
  <datafield tag="020" ind1=" " ind2=" ">
   <subfield code="a">978-979-1096-93-5</subfield>
  </datafield>
  <datafield tag="082" ind1=" " ind2=" ">
   <subfield code="a">R.297.031 353</subfield>
  </datafield>
  <datafield tag="084" ind1=" " ind2=" ">
   <subfield code="a">R.297.031 353 MUH e</subfield>
  </datafield>
  <datafield tag="260" ind1=" " ind2=" ">
   <subfield code="a">Bandung :</subfield>
   <subfield code="b">Pustaka Hidayah,</subfield>
   <subfield code="c">2009</subfield>
  </datafield>
  <datafield tag="520" ind1=" " ind2=" ">
   <subfield code="a">Ensiklopedia Arti Mimpi Hampir dapat dipastikan, semua orang pernah bermimpi. Namun tidak semua mimpi adalah benar dan otentik. Mimpi para nabi dan kekasih Allah (awfiya ) adalah mimpi yang merupakan wahyu elan Allah, yang benar dan sakral. Rasulullah saw. bersabda: Mimpi yang benar merupakan satu bagian dari empat puluh enam cabang kenabian.Ada sebagian mimpi yang berasal dari setan dan menyesetkan. Mimpi mungkin juga disebattkan oleh masalah-masalah fisik atau psikoloOs seperti gangguan penmmaan atau gangguan-emosi. Karenanya, buku ini juga mengajarkan bagaimana membedakan mimpi yang benar dari khayalan kosong, dan mimpi ilhami dari godaan setan. Mimpi ada kalanya mampu mengarahkan jalan sejarah suatu bangsa. Mimpi Nabi Ibrahim agarmengorbankan anaknya, nunjukkan kepatuhannya kepada kehendak Allah dan kemauannya untuk pasrah secara mutlak kepada Allah, menjadikan dirinya sebagai Muslim sejati pertama dan juga tilapak para nabi. Tafsiran yang benar teatang mimpi raja Mesir oleh Nabi Yusuf menOlamatkan banana Mesir den Bani lsrail dari kelaparan dan kematian. Mimpi Nabi Muhammad saw. menandai diawalinya penurunan wahyu Alquran suci yaitu telah mergubah wajah sejarah dan peradaban manusia. Buku Ong ada di tangan pembaca ini, yang aslinya berjudul Muntakhab gl-Kaldm fi Tagir al-Ahl am, ditulis oleh seorang salifi yang amat termashur dan terhormat, seorang ularna besar dan Sufi agung. Meski buku ini memartaang mimpi dan arti pentingnya dari sudut pandang Islam, namun lebenaran yang menjadi Iandasannya dan yang disingkapkan oleh diakui sejak dahulu oleh agama-agarna besar di dunia. Inilah buku yang amat langka dan terkemuka tlatern khazanah Islam. &quot;Indeks panjang dan tata-letak yang diatur rapi dalam buku berharga ini membuatnya menjadi buku pegangan yang bermanfaat tentang- jenisjapji mimpi dan maknanya. Buku ini merupakan buku pedoman islami pertama tentang tafsir dan takwil mimpi yang otentik.</subfield>
  </datafield>
  <datafield tag="650" ind1=" " ind2="4">
   <subfield code="a">Ensiklopedia Islam</subfield>
  </datafield>
  <datafield tag="650" ind1=" " ind2="4">
   <subfield code="a">Tafsir Mimpi</subfield>
  </datafield>
  <datafield tag="863" ind1=" " ind2=" ">
   <subfield code="a">3</subfield>
  </datafield>
  <datafield tag="990" ind1=" " ind2=" ">
   <subfield code="a">13205</subfield>
  </datafield>
  <datafield tag="990" ind1=" " ind2=" ">
   <subfield code="a">053376</subfield>
  </datafield>
  <datafield tag="990" ind1=" " ind2=" ">
   <subfield code="a">053381</subfield>
  </datafield>
  <datafield tag="990" ind1=" " ind2=" ">
   <subfield code="a">053376</subfield>
  </datafield>
  <datafield tag="990" ind1=" " ind2=" ">
   <subfield code="a">053376</subfield>
  </datafield>
 </record>
</collection>
